Solved Papers2018-2000 GATE (Record no. 159123)

MARC details
000 -LEADER
fixed length control field 00794nam a22001937a 4500
005 - DATE AND TIME OF LATEST TRANSACTION
control field 20181204135357.0
010 ## - LCCN (DPL NO)
LC control number B-713022
020 ## - INTERNATIONAL STANDARD BOOK NUMBER
International Standard Book Number 9789313164197
Terms of availability 350.00
035 ## - SYSTEM CONTROL NUMBER
System control number B-713022
037 ## - SOURCE OF ACQUISITION
Source of stock number/acquisition L/RP/RK Books
082 ## - DEWEY DECIMAL CLASSIFICATION NUMBER
Classification number 000
100 ## - MAIN ENTRY--PERSONAL NAME
Personal name Jain Nitesh
245 ## - TITLE STATEMENT
Title Solved Papers2018-2000 GATE
Remainder of title Computer Science & Information Technology
Statement of responsibility, etc Nitesh Jain
260 ## - PUBLICATION, DISTRIBUTION, ETC. (IMPRINT)
Place of publication, distribution, etc Meerut (UP)
Name of publisher, distributor, etc Arihant Publications(India) Ltd.
Date of publication, distribution, etc 2018
270 ## - ADDRESS
Address Kalindi,TP Nagar, Meerut
City (UP)
Postal code 250002
Telephone number 0121-2401479,2512970
Fax number 0121-2401648
Electronic mail address info@arihantbooks.com
300 ## - PHYSICAL DESCRIPTION
Extent 320p
Dimensions 26cm(pbk)
942 ## - ADDED ENTRY ELEMENTS (KOHA)
Source of classification or shelving scheme Dewey Decimal Classification
Item type English Books
Classification part 000
Call number suffix JAI
Holdings
Withdrawn status Lost status Not for loan Collection code Home library Current library Date acquired Source of acquisition Cost, normal purchase price Full call number Barcode Copy number Cost, replacement price Koha item type Public note
      Non-fiction Central Library Central Library 04/12/2018 RK Books/RP/IN2240/17.11.2018/170/05.11.2018/29.11.2018 350.00 000 JAI B-713022 1 350.00 English Books RP

© Delhi Public Library
Hit Counter
free hit counter